Определение изменения гамма-фона вблизи объектов инфраструктуры города Томска, выполненных из строительных материалов с повышенным содержанием природных радиоизотопов; Изотопы: технологии, материалы и применение

Մատենագիտական մանրամասներ
Parent link:Изотопы: технологии, материалы и применение.— 2021.— [С. 78]
Հիմնական հեղինակ: Сацук Д. В.
Համատեղ հեղինակ: Национальный исследовательский Томский политехнический университет Инженерная школа ядерных технологий Отделение ядерно-топливного цикла
Այլ հեղինակներ: Побережников А. Д. Андрей Дмитриевич (научный руководитель), Вукулов А. В., Яковлева В. С. Валентина Станиславовна
Ամփոփում:Заглавие с титульного экрана
Լեզու:ռուսերեն
Հրապարակվել է: 2021
Շարք:Плазменные и водородные технологи
Խորագրեր:
Առցանց հասանելիություն:http://earchive.tpu.ru/handle/11683/69046
Ձևաչափ: Էլեկտրոնային Գրքի գլուխ
KOHA link:https://koha.lib.tpu.ru/cgi-bin/koha/opac-detail.pl?biblionumber=633846

MARC

LEADER 00000naa2a2200000 4500
001 633846
005 20240206133915.0
035 |a (RuTPU)RU\TPU\conf\35596 
035 |a RU\TPU\conf\35590 
090 |a 633846 
100 |a 20211126d2021 k y0rusy50 ca 
101 0 |a rus 
102 |a RU 
105 |a y z 101zy 
135 |a drgn ---uucaa 
181 0 |a i  
182 0 |a b 
200 1 |a Определение изменения гамма-фона вблизи объектов инфраструктуры города Томска, выполненных из строительных материалов с повышенным содержанием природных радиоизотопов  |f Д. В. Сацук, А. Д. Побережников, А. В. Вукулов  |g науч. рук. В. С. Яковлева 
203 |a Текст  |c электронный 
225 1 |a Плазменные и водородные технологи 
300 |a Заглавие с титульного экрана 
320 |a [Библиогр.: с. 78 (2 назв.)] 
463 0 |0 (RuTPU)RU\TPU\conf\35564  |t Изотопы: технологии, материалы и применение  |o сборник тезисов докладов VII Международной научной конференции молодых ученых, аспирантов и студентов, г. Томск, 25-28 октября 2021 г.  |f Национальный исследовательский Томский политехнический университет (ТПУ)  |v [С. 78]  |d 2021 
610 1 |a электронный ресурс 
610 1 |a труды учёных ТПУ 
610 1 |a гамма-фон 
610 1 |a инфраструктура 
610 1 |a Томск 
610 1 |a строительные материалы 
610 1 |a радиоизотопы 
610 1 |a облучение 
700 1 |a Сацук  |b Д. В. 
701 1 |a Побережников  |b А. Д.  |c физик  |c старший преподаватель Томского политехнического университета  |f 1981-  |g Андрей Дмитриевич  |3 (RuTPU)RU\TPU\pers\28048  |9 13011 
701 1 |a Вукулов  |b А. В. 
702 1 |a Яковлева  |b В. С.  |c физик  |c доцент Томского политехнического университета, кандидат физико-математических наук  |f 1970-  |g Валентина Станиславовна  |4 727 
712 0 2 |a Национальный исследовательский Томский политехнический университет  |b Инженерная школа ядерных технологий  |b Отделение ядерно-топливного цикла  |3 (RuTPU)RU\TPU\col\23554 
801 2 |a RU  |b 63413507  |c 20211207  |g RCR 
856 4 |u http://earchive.tpu.ru/handle/11683/69046 
942 |c BK